Teori & teknik ucapan berpengaruh

Bibliographic Details
Main Author: ABDULLAH Hassan 1942-
Other Authors: Ainon Mohd. , 1950-
Format: Book
Published: Bentong, Pahang : PTS Pub. , 2003
Series:Siri komunikasi
Subjects:

MARC

LEADER 00000cam a2200000 7i4500
001 0000002704
005 20040205.0
020 0 0 |a 9832311128 
090 0 0 |a 302.2242   |b ABD 2003 
100 0 0 |a ABDULLAH Hassan   |c 1942- 
245 1 0 |a Teori & teknik ucapan berpengaruh   |c Abdullah Hassan & Ainon Mohd. 
260 0 0 |a Bentong, Pahang :   |b PTS Pub. ,   |c 2003 
300 |a viii, 156 p. ;   |c 22 cm. 
440 0 0 |a Siri komunikasi 
500 0 0 |a Bibliography : p. 148-156 
650 0 0 |a Oral communications 
650 0 0 |a Public speaking 
700 0 1 |a Ainon Mohd. ,   |c 1950- 
998 |a JPSM 
999 |a 0000004883   |b Monograph   |c Open Shelf   |e Default branch